| 000 | 00507 a2200169 4500 | ||
|---|---|---|---|
| 020 | _a0534371094 | ||
| 040 | _aDLC | ||
| 082 | 0 | 0 | _a005.133 |
| 100 | 1 | _aDecker, Rick. | |
| 245 | 1 | 0 |
_aProgramming.Java : an introduction to programming using Java _cRick Decker, Stuart Hirshfield. |
| 250 | _a2nd ed. | ||
| 260 |
_aPacific Grove, CA : _bBrooks/Cole, _c2000. |
||
| 300 |
_axxii, 617 p. ; _c24 cm. |
||
| 650 | 0 | _aJava (Computer program language) | |
| 700 | 1 | _aHirshfield, Stuart. | |
| 942 |
_cBK _k005.133 DEC _2ddc |
||
| 999 |
_c5863 _d5863 |
||